| 000 | 01858cam a22004093a 4500 | ||
|---|---|---|---|
| 001 | 10135 | ||
| 003 | PGUSA | ||
| 005 | 20140828083220.0 | ||
| 008 | 031101s2003||||xxu|||||s|||||000 | eng d | ||
| 040 |
_aPGUSA _beng |
||
| 042 | _adc | ||
| 050 | 4 | _aPN | |
| 245 | 1 | 4 |
_aThe Great English Short-Story Writers, Volume 1 _h[electronic resource] |
| 260 |
_bProject Gutenberg, _c2003 |
||
| 505 | 0 | _aThe Apparition of Mrs. Veal, by Daniel Defoe -- The Mysterious Bride, by James Hogg -- The Devil and Tom Walker, by Washington Irving -- Dr. Heidegger's Experiment, by Nathaniel Hawthorne -- The Purloined Letter, by Edgar Allan Poe -- Rab and His Friends, by Dr. John Brown -- The Boots at the Holly-Tree Inn, by Charles Dickens -- A Story of Seven Devils, by Frank R. Stockton -- A Dog's Tale, by Mark Twain -- The Outcasts of Poker Flat, by Bret Harte -- The Three Strangers, by Thomas Hardy -- Julia Bride, by Henry James -- A Lodging for the Night, by Robert Louis Stevenson. | |
| 506 | _aPublic domain in the USA. | ||
| 516 | _aElectronic text | ||
| 653 | _aShort stories | ||
| 700 | 1 |
_aHarte, Bret, _d1836-1902 |
|
| 700 | 1 |
_aDefoe, Daniel, _d-1731 |
|
| 700 | 1 |
_aJames, Henry, _d1843-1916 |
|
| 700 | 1 |
_aBrown, John, _d1810-1882 |
|
| 700 | 1 |
_aDawson, Coningsby, _d1883-1959 |
|
| 700 | 1 |
_aHawthorne, Nathaniel, _d1804-1864 |
|
| 700 | 1 |
_aDickens, Charles, _d1812-1870 |
|
| 700 | 1 |
_aHogg, James, _d1770-1835 |
|
| 700 | 1 |
_aStockton, Frank Richard, _d1834-1902 |
|
| 700 | 1 |
_aStevenson, Robert Louis, _d1850-1894 |
|
| 700 | 1 |
_aTwain, Mark, _d1835-1910 |
|
| 700 | 1 |
_aHardy, Thomas, _d1840-1928 |
|
| 700 | 1 |
_aIrving, Washington, _d1783-1859 |
|
| 700 | 1 |
_aPoe, Edgar Allan, _d1809-1849 |
|
| 700 | 1 |
_aDawson, W. J. _q(William James), _d1854-1928 |
|
| 830 | 0 |
_aProject Gutenberg _v10135 |
|
| 856 | 4 | 0 | _uhttp://www.gutenberg.org/ebooks/10135 |
| 942 | _cEB | ||
| 999 |
_c239390 _d239390 |
||